Resultats du premier tour de l'election presidentielle de 2017 - Statistiques

Statistiques générales
  • Ce quiz a été pris 192 fois
  • Le résultat moyen est 9 sur 11
Statistiques - réponses
position qualifié pour le second tour % des suffrages exprimés candidat Parti Politique % Correct
1 oui 24,01 Emmanuel Macron En Marche
100%
2 oui 21,30 Marine Le Pen Front National
100%
4 non 19,58 Jean Luc Melenchon La France Insoumise
96%
3 non 20,01 Francois Fillon Les Républicains
89%
8 non 1,09 Philippe Poutou Nouveau Parti Anticapitaliste
82%
5 non 6,36 Benoit Hamon Parti Socialiste
77%
10 non 0,64 Nathalie Arthaud Lutte ouvrière
75%
6 non 4,70 Nicolas Dupont-Aignan Debout La France
75%
7 non 1,21 Jean Lassalle Résistons
63%
9 non 0,92 Francois Asselineau Union Populaire Républicaine
59%
11 non 0,18 Jacques Cheminade Solidarité Et Progrès
47%
Aucun quiz correspondant
Distribution des résultats
% des personnes avec chaque résultat
Percentile par nombre de réponses
Votre historique - résultats
Vous n’avez pas pris ce quiz